Movies Quiz

Random Movies or Actor Quiz

Morgan Freeman Movies Without Morgan Freeman Quiz Stats

Quiz Updated Jun 1, 2016

Challenge
Share
Tweet
Score 0/15 Timer 04:00
0 Plays Today
% Correct
The Lego Movie
94.9%
The Dark Knight
93.1%
The Shawshank Redemption
86.6%
Million Dollar Baby
86.1%
Bruce Almighty
79.9%
Se7en
77.9%
Driving Miss Daisy
74.9%
Invictus
70.2%
% Correct
Now You See Me
66.2%
RED
66%
Unforgiven
52.2%
Olympus Has Fallen
51.6%
Glory
50.5%
Oblivion
40.8%
Lucky Number Slevin
32.9%

You're not logged in!

Compare scores with friends on all Sporcle quizzes.
Sign Up with Email
OR
Log In

You Might Also Like...

Show Comments

Extras

Top Quizzes Today


Score Distribution

Your Account Isn't Verified!

In order to create a playlist on Sporcle, you need to verify the email address you used during registration. Go to your Sporcle Settings to finish the process.